El nuevo debate sobre la inteligencia artificial : sistemas simbólicos y redes neuronales /
Obra que plantea una selección de ensayos que dan cuenta del debate en torno a los dos vertientes por los que se han bifurcado los principios de la inteligencia artificial: por un lado están los que programan las máquinas como si la actividad pensante a reproducir consistiera en la formulación de en...
Uloženo v:
| Hlavní autor: | |
|---|---|
| Médium: | Kniha |
| Jazyk: | španělština |
| Vydáno: |
Barcelona, España :
Gedisa,
1993, c1993
|
| Edice: | (Ciencias Cognitivas)
|
| Témata: | |
| Tagy: |
Žádné tagy, Buďte první, kdo vytvoří štítek k tomuto záznamu!
|
MARC
| LEADER | 00000nam^a2200000^a^4500 | ||
|---|---|---|---|
| 001 | 000108806 | ||
| 005 | 20250521000000.0 | ||
| 009 | 20260310093700.809 | ||
| 020 | |a 84-7432-466-1 | ||
| 037 | |a Acervo ITESO - Biblioteca | ||
| 041 | |a ESP | ||
| 082 | |a 006. 3 |b GRA | ||
| 100 | |a Graubard, Stephen R. |e (comp.) | ||
| 245 | 1 | 3 | |a El nuevo debate sobre la inteligencia artificial : |b sistemas simbólicos y redes neuronales / |c Comp. de S.R. Graubard ; tr. por Carlos Reynoso. |
| 264 | 4 | |a Barcelona, España : |b Gedisa, |c 1993, c1993 | |
| 300 | |a 350 p. | ||
| 336 | |a texto |b txt |2 rdacontenido | ||
| 337 | |a sin mediación |b n |2 rdamedio | ||
| 338 | |a volumen |b nc |2 rdasoporte | ||
| 440 | 1 | |a (Ciencias Cognitivas) | |
| 500 | |a Traducción de: The Artificial Intelligence Debate, False Starts, Real Foundations | ||
| 520 | |a Obra que plantea una selección de ensayos que dan cuenta del debate en torno a los dos vertientes por los que se han bifurcado los principios de la inteligencia artificial: por un lado están los que programan las máquinas como si la actividad pensante a reproducir consistiera en la formulación de enunciados, construidos en base a símbolos, ejemplo de ella son los sistemas expertos; y por otro, los que reproducen la actividad de la mente como un epifenómeno de una estructura inicialmente vacía, en que no interesa los contenidos simbólicos, sino la acción inteligente, ejemplo de ella son las redes neuronales. | ||
| 649 | |a XX | ||
| 650 | |a Inteligencia Artificial | ||
| 650 | |a Sistemas Expertos | ||
| 650 | |a Redes Neurales | ||
| 650 | |a Proceso de Datos | ||
| 650 | |a Psicología Cognitiva | ||
| 650 | |a Lógica Matemática | ||
| 650 | |a Neurociencias | ||
| 650 | |a Psicoanálisis | ||
| 650 | |a Biocibernética | ||
| 650 | |a Cibernética | ||
| 650 | |a Ingeniería Computacional | ||
| 910 | |a Fondo General | ||
| 920 | |a Impresos - Libros | ||
| 930 | |a Colección General | ||
| 905 | |a 101 | ||
| 901 | |a 0500045916 |b IT1 |c ACC |u 20250521 | ||
| 902 | |a https://opac.biblio.iteso.mx/vufind/Record/000108806 | ||